000 00702nam1a22002171i 4500
001 rc\974723
005 20240723224443.0
035 _a(NLR Aleph) 006245636
090 _a6706196
_c6706196
100 _a20041129g19829999u |0rusy50 ca
101 0 _arus
102 _aRU
105 _ay |||||||||
200 1 _aО Балкарии и балкарцах
_eАрхаич. обществ. орг. в тр. дорев. авт. и сов. ист. науке
210 _aНальчик
_cЭльбрус
_d1982-
215 _d20
700 1 _aМусукаев
_bА.И.
_gАлександр Ибрагимович
801 0 _aRU
_bNLR
_gpsbo
801 1 _aRU
_bELAR
_2rusmarc
852 _aNLR
_j83-3/3888
942 _cBOOK